| 000 | 01122cab a22001935a 4500 | ||
|---|---|---|---|
| 001 | L138640 | ||
| 008 | 070628s2007 xxko f 000 0 eng d | ||
| 035 | _a(Sirsi) u138640 | ||
| 041 | 0 | _aeng | |
| 100 | 1 | _aMorgan, Derek | |
| 245 | 0 | 0 | _aThat sinking feeling.... |
| 260 | _c2007 | ||
| 490 |
_aThe Estate Agent _vJune 2007, 28-29(2) |
||
| 520 | _aReports on problems with house buying and selling specific to the south west region. Cornwall was one of the most intensely mined areas in Europe between the 18th and 20th centuries. Therefore there is an increased risk of subsidence due to old mine workings. Archival Mine Reports and drilling investigations are relatively inexpensive precautions to take. Mundic concrete blocks, made from mine wastes and used for construction before 1950, are common in Cornwall and Devon. They are known to contain materials which deteriorate. Also due to mining, there is an increased incidence of contaminated land in the area. | ||
| 590 | _aKA | ||
| 651 | 4 |
_aEngland _y886- |
|
| 690 | _aPROPERTY-RESIDENTIAL PROPERTY-ACQUISITION AND DISPOSAL OF RESIDENTIAL PROPERTY | ||
| 942 | _n0 | ||
| 999 |
_c78943 _d78943 |
||